Boundary behavior of holomorphic functions of several complex variables

Αποθηκεύτηκε σε:
Λεπτομέρειες βιβλιογραφικής εγγραφής
Κύριος συγγραφέας: Stein, Elias M. 1931-
Μορφή: Βιβλίο
Γλώσσα:English
Δημοσίευση: Princeton, N.J. : Princeton University Press, 1972
Σειρά:Mathematical notes
Θέματα:
Ετικέτες: Προσθήκη ετικέτας
Δεν υπάρχουν, Καταχωρήστε ετικέτα πρώτοι!

MARC

LEADER 00000cam a2200000 i 4500
001 1/41021
008 941103s1972 eng d
020 |a 0691081093 
035 |l 10041396 
035 |a 1991  |c ΔΑΡΑΣ 
040 |a GR-MY-UA  |b gre  |e aacr 
041 0 |a eng 
082 0 |a 515.98 
100 1 |a Stein, Elias M.  |d 1931- 
245 1 0 |a Boundary behavior of holomorphic functions of several complex variables /  |c by E. M. Stein 
260 |a Princeton, N.J. :   |b Princeton University Press,   |c 1972 
300 |a ix, 72 p;  |c 24 cm 
490 1 |a Mathematical notes 
504 |a Bibliography: p. 70-72 
650 0 0 |a Holomorphic functions. 
650 0 0 |a Harmonic functions. 
830 0 |a Mathematical notes 
852 |a INST  |b SAMOS  |e 19941103  |h 515.98 STE  |p 005300003348  |q 005300003348  |t BK  |y 0 
909 |a Σ  |b 022039